000 00368 a2200157 4500
001 59111
020 _a
040 _cAnchieta - Pituba
100 _aAndritch, Ivo
240 1 0 _aO pátio maldito e quatro contos
_lpor
245 1 0 _aO pátio maldito e quatro contos
300 _a217
362 0 _a1971
650 4 _aLiteratura indo-européia e celta
942 _cBK
999 _c59111
_d59111